<?xml version="1.0" encoding="UTF-8"?>
<record
    xmlns:xsi="http://www.w3.org/2001/XMLSchema-instance"
    xsi:schemaLocation="http://www.loc.gov/MARC21/slim http://www.loc.gov/standards/marcxml/schema/MARC21slim.xsd"
    xmlns="http://www.loc.gov/MARC21/slim">

  <leader>02115nmm a22002177a 4500</leader>
  <datafield tag="999" ind1=" " ind2=" ">
    <subfield code="c">5187</subfield>
    <subfield code="d">5187</subfield>
  </datafield>
  <controlfield tag="003">OSt</controlfield>
  <controlfield tag="005">20240419110436.0</controlfield>
  <controlfield tag="008">191018e        xxu|||||o||d| 00| 0 spa d</controlfield>
  <datafield tag="020" ind1=" " ind2=" ">
    <subfield code="a">9789507277252</subfield>
  </datafield>
  <datafield tag="040" ind1=" " ind2=" ">
    <subfield code="c">PJ</subfield>
  </datafield>
  <datafield tag="245" ind1="1" ind2="0">
    <subfield code="a">Revista Laboral :</subfield>
    <subfield code="b">jornada y descanso /</subfield>
    <subfield code="c">Mario E. Ackerman director.</subfield>
  </datafield>
  <datafield tag="260" ind1=" " ind2=" ">
    <subfield code="a">Santa F&#xE9; :</subfield>
    <subfield code="b">Rubinzal Culzoni,</subfield>
    <subfield code="c">2006.</subfield>
  </datafield>
  <datafield tag="300" ind1=" " ind2=" ">
    <subfield code="a">536p.</subfield>
    <subfield code="c">22 cm.</subfield>
  </datafield>
  <datafield tag="310" ind1=" " ind2=" ">
    <subfield code="a">semestral</subfield>
  </datafield>
  <datafield tag="362" ind1=" " ind2=" ">
    <subfield code="a">No.1(2006) </subfield>
  </datafield>
  <datafield tag="500" ind1=" " ind2=" ">
    <subfield code="a">Reflexiones en torno de la jornada de trabajo, por Antonio V&#xE1;zquez Vialard; 
La jornada de trabajo en las normas de la OIT, por Mario Ackerman; 
Jornada de trabajo de mujeres y principio de igualdad y no discriminaci&#xF3;n, por Pablo Arnaldo Topet; 
Las excepciones a la jornada de trabajo y el quid "vigilancia superior-vigilancia subalterna", por Eduardo &#xC1;lvarez; 
La regulaci&#xF3;n de la jornada en las provincias, por Jorge J. Sappia; 
Reflexiones sobre la jornada promedio, por Javier Adrogu&#xE9;; 
Limitaciones legales a las que est&#xE1; sujeta la jornada de trabajo. Las "horas extra", por Cecilia M. Murray y Miguel &#xC1;ngel Pirolo; Horas extraordinarias, por Albor &#xC1;ngel Cantard; 
Patolog&#xED;a de la jornada de trabajo, por Jorge El&#xED;as; 
Trabajo por equipos, por Valent&#xED;n Rubio; Jornada laboral del docente privado, por Ricardo Francisco Seco; 
Camioneros. Transporte, jornadas, horas extras y lo nocivo por lo cr&#xF3;nico, por Mar&#xED;a del Carmen Pi&#xF1;a; 
Las pausas en la jornada de trabajo, por Carlos Alberto Etala;
Vacaciones y &#xE9;poca para su otorgamiento, por Armando B. Rocha; 
Algunas consideraciones respecto del descanso semanal, por Silvia E. Pinto Varela; 
Francos no gozados. &#xBF;Se justifican normativamente los argumentos tradicionales?, por Silvia D&#xED;az; 
El tiempo de trabajo y su tratamiento en los Convenios Colectivos de Trabajo, por Carlos M. Aldao-Zapiola. 
Jurisprudencia agrupada, por Ra&#xFA;l Horacio Ojeda.

</subfield>
  </datafield>
  <datafield tag="650" ind1=" " ind2="0">
    <subfield code="9">1316</subfield>
    <subfield code="a">DERECHO LABORAL</subfield>
  </datafield>
  <datafield tag="700" ind1=" " ind2=" ">
    <subfield code="9">1423</subfield>
    <subfield code="a">Ackermann, Mario Eduardo</subfield>
    <subfield code="e">director</subfield>
  </datafield>
  <datafield tag="856" ind1=" " ind2=" ">
    <subfield code="u">https://www.rubinzal.com.ar/revistas/revista-de-derecho-laboral/5/?menupc=1</subfield>
    <subfield code="y">Revista Derecho Laboral </subfield>
  </datafield>
  <datafield tag="942" ind1=" " ind2=" ">
    <subfield code="2">udc</subfield>
    <subfield code="c">PP</subfield>
  </datafield>
  <datafield tag="952" ind1=" " ind2=" ">
    <subfield code="0">0</subfield>
    <subfield code="1">0</subfield>
    <subfield code="2">udc</subfield>
    <subfield code="4">0</subfield>
    <subfield code="7">0</subfield>
    <subfield code="a">DJS</subfield>
    <subfield code="b">DJS</subfield>
    <subfield code="d">2024-04-19</subfield>
    <subfield code="p">5464</subfield>
    <subfield code="r">2024-04-19</subfield>
    <subfield code="w">2024-04-19</subfield>
    <subfield code="y">PP</subfield>
  </datafield>
</record>
